| 000 | 00873nam a22002417a 4500 | ||
|---|---|---|---|
| 005 | 20180803170224.0 | ||
| 008 | 160218t2014 ck ado gr|||| 00| 0 spa d | ||
| 020 | _a9789588827315 | ||
| 040 |
_aCO-BoIAVH _cCO-BoIAVH |
||
| 041 | 0 | _aspa | |
| 044 | _ack | ||
| 082 | 0 | 4 |
_a363.1 _bC32b |
| 245 | 0 | 0 | _aCartilla básica de gestión del riesgo para patrimonio material e infraestructura cultural |
| 250 | _aPrimera edición | ||
| 260 |
_a[Bogotá?] : _bMinisterio de cultura, _c2014. |
||
| 300 |
_a96 páginas : _bilustraciones, tablas y fotografías a color ; _c21 x 28 cm. |
||
| 650 | 6 | _aPrevención de desastres | |
| 650 | 6 |
_aPrevención de desastres _xEvaluación |
|
| 650 | 4 | _aGestión del riesgo | |
| 650 | 6 |
_aPatrimonio cultural _xprevención de desastres |
|
| 710 | 2 |
_aColombia _b Ministerio de Cultura |
|
| 942 |
_2ddc _cLIBRO _01 |
||
| 999 |
_c18145 _d18145 |
||